00323nam a2200133Ia 4500003000400000005001700004008004000021040000700061041000800068082001200076100001700088245003900105260004500144OSt20220702104837.0210210b1925 xxu||||| |||| 00| 0 eng d cAL aeng a330/316 aPENSON (T H) aEconomics of everyday life Part II aCambridgebAt the University Pressc1925